Statistiques concernant Parcs naturels nationaux et régionaux en France

Cliquez ici pour prendre le quiz!

Statistiques générales

  • Ce quiz a été pris 80 fois
  • Le résultat moyen est 19 sur 69

Statistiques - réponses

Réponse% Correct
Cévennes
69%
Écrins
69%
Mercantour
69%
Vanoise
69%
Pyrénées
59%
Calanques
56%
Forêts
54%
Guadeloupe
44%
Morvan
44%
Marais poitevin
41%
Réunion
41%
Guyane
38%
Guyane
38%
Ardennes
36%
Port-Cros
36%
Luberon
33%
Chartreuse
31%
Martinique
31%
Armorique
28%
Aubrac
28%
Haut-Jura
28%
Vercors
28%
Vexin français
28%
Volcans d'Auvergne
28%
Ballons des Vosges
26%
Camargue
26%
Forêt d'Orient
26%
Montagne de Reims
26%
Monts d'Ardèche
26%
Queyras
26%
Alpilles
23%
Baronnies provençales
23%
Brenne
23%
Causses du Quercy
23%
Haute Vallée de Chevreuse
23%
Landes de Gascogne
23%
Livradois-Forez
23%
Lorraine
23%
Millevaches en Limousin
23%
Perche
23%
Pilat
23%
Pyrénées Ariégeoises
23%
Brière
21%
Corse
21%
Doubs-Horloger
21%
Loire-Anjou-Touraine
21%
Mont-Ventoux
21%
Normandie-Maine
21%
Verdon
21%
Vosges du Nord
21%
Golfe du Morbihan
18%
Haut-Languedoc
18%
Médoc
18%
Préalpes d'Azur
18%
Sainte-Baume
18%
Avesnois
15%
Boucles de la Seine normande
15%
Caps et Marais d'Opale
15%
Gâtinais français
15%
Grands Causses
15%
Marais du Cotentin et du Bessin
15%
Périgord-Limousin
15%
Pyrénées catalanes
15%
Corbières-Fenouillèdes
13%
Oise - Pays de France
13%
Scarpe-Escaut
13%
Massif des Bauges
10%
Narbonnaise en Méditerranée
10%
Baie de Somme Picardie Maritime
5%

Distribution des résultats

Percentile par nombre de réponses

% des personnes avec chaque résultat

Votre développement - résultats

Vous n’avez pas pris ce quiz